00337nam a2200121Ia 4500008004100000041000800041082001700049100002400066245004500090260003700135300003200172365001100204240624s9999 xx 000 0 und d aeng a658.4038 AIH aAL HAWAMDEH SULIMAN aKNOWLEDGE MANAGEMENT CULTIVATING KNOWLED c2005aOxfordbChandos Publishing axvii, : 222 : p. : cm. ; 23 cRSb25